Normal view
MARC view
Entry Personal Name
001 - CONTROL NUMBER
- control field: 2794
003 - CONTROL NUMBER IDENTIFIER
- control field: dpl
005 - DATE AND TIME OF LATEST TRANSACTION
- control field: 20100730155858.0
008 - FIXED-LENGTH DATA ELEMENTS
- fixed length control field: 100730|||a|||||| | ||| d
040 ## - CATALOGING SOURCE
- Original cataloging agency: dpl
- Transcribing agency: dpl
100 ## - HEADING--PERSONAL NAME
- Personal name: Tagore, Rabindranath
670 ## - SOURCE DATA FOUND
- Source citation: Work cat.: (dpl)37141: Dominic, K. V. 2793, Pathos in the short stories of Rabindranath Tagore /, 2009.
670 ## - SOURCE DATA FOUND
- Source citation: Work cat.: (dpl)37141: Dominic, K. V. 2793, Pathos in the short stories of Rabindranath Tagore /, 2009.
